Santos padroeiros por países - Statistics

Estatísticas Gerais
  • Esse quiz foi jogado 108 vezes
  • A pontuação média é 16 de 67
Estatísticas das Respostas
Hint Resposta % Correto
Brasil Nossa Senhora Aparecida
86%
Vaticano São Pedro
72%
México Nossa Senhora de Guadalupe
62%
Américas Nossa Senhora de Guadalupe
62%
Malta São Paulo
60%
Bélgica São José
56%
Canadá São José
56%
Croácia São José
56%
Peru São José
56%
Romênia São José
56%
Afeganistão São Tomé
50%
São Tomé e Príncipe São Tomé
50%
Etiópia São Jorge
46%
Inglaterra São Jorge
46%
Chile São Tiago
44%
Guatemala São Tiago
44%
Europa São Bento
43%
Itália São Francisco de Assis
38%
Irlanda São Patrício
36%
Estados Unidos da América Nossa Senhora da Imaculada Conceição
34%
Equador Sagrado Coração de Jesus
33%
Escócia Santo André
32%
Portugal São Antônio
32%
Angola Imaculado Coração de Maria
29%
Filipinas Imaculado Coração de Maria
29%
França Santa Joana d'Arc
26%
Grécia São Nicolau
22%
Rússia São Nicolau
22%
África do Sul Nossa Senhora da Assunção
19%
Índia Nossa Senhora da Assunção
19%
Paraguai Nossa Senhora da Assunção
19%
São Marino São Marino
19%
Hungria Santo Estêvão
18%
Bornéu São Francisco Xavier
17%
Japão São Francisco Xavier
17%
Ásia São Francisco Xavier
17%
Argentina Nossa Senhora de Luján
14%
Uruguai Nossa Senhora de Luján
14%
Armênia São Gregório
13%
Eslováquia Nossa Senhora das Dores
12%
El Salvador Nossa senhora da Paz
11%
Suécia Santa Brígida
11%
Bolívia Nossa Senhora de Copacabana
10%
Alemanha São Bonifácio
10%
Noruega Santo Olavo
9%
Pais de Gales São Davi
9%
Dinamarca São Canuto
8%
Lituânia São Casimiro
8%
Finlândia São Henrique
8%
Espanha São Tiago Santa Teresa d’Ávila.
7%
República Dominicana São Domingos de Gusmão
6%
Cuba Nossa Senhora da Caridade
4%
Polônia Santo Estanislau
4%
Líbia São Cipriano
4%
Áustria São Leopoldo
4%
Oceania São Pedro Chanel
4%
República Checa São Venceslau
4%
Costa Rica Nossa Senhora dos Anjos
3%
Mônaco Santa Devota
3%
África São Moisés, o negro
3%
Colômbia São Pedro Cláver
3%
Venezuela Nossa Senhora de Coromoto
2%
China Nossa Senhora de Sheshan
1%
Egito Santo Onofre
1%
Países Baixos São Vilibrordo
1%
Austrália Nossa Senhora do Socorro dos Cristãos
0%
Nova Zelândia Nossa Senhora do Socorro dos Cristãos
0%
Nenhum quiz correspondente encontrado
Distribuição das Pontuações
Porcentagem de Pessoas com Cada Pontuação
Percentil de Números Respondidos
Sua Pontuação Histórica
Você não jogou esse quiz